000 00359nam a2200133Ia 4500
008 240624s9999 xx 000 0 und d
041 _aeng
082 _a658.4 DOZ
100 _aDOZ YVES L
245 _aMANAGING GLOBAL INNOVATION FRAMEWORKS FO
260 _c2012
_aBoston
_bHarvard Business Review Press
300 _axxii, 249 p.; 23 cm.
365 _cRS
_b33
999 _c32317
_d32317